| 000 | 00428nam a22001697a 4500 | ||
|---|---|---|---|
| 003 | SGT | ||
| 020 | _a9788120311497 | ||
| 082 | _a658.8,STE | ||
| 100 | _aSTERN,LOUIS W | ||
| 245 | _aMARKETING CHANNELS | ||
| 250 | _a5TH | ||
| 260 |
_aNEW DELHI _bPHI _c1998 |
||
| 300 | _a576 | ||
| 650 | _aMARKETING | ||
| 653 | _aCHANNEL STRUCTURE, CHANNEL DESIGN AND PLANNING, CHANNEL MANAGEMENT, INTERNATIONAL DIMENSIONS | ||
| 942 |
_2ddc _cFCM |
||
| 999 |
_c9439 _d9439 |
||